00406nam a2200157Ia 45000010006000000050017000060080041000230410008000640820017000721000025000892450081001142600009001953000028002046500008002326540008002401927320260306171732.0260306s9999||||xx |||||||||||||| ||und|| aESP a658.827bO47 aOllé, RamóneAUT 0aEl nuevo brand management:bcómo plantar marcas para hacer crecer negocios c2009 a182 páginas :c22 cm. aGEN aCAN